000 00421nam a2200181 4500
003 SEACOMMC
005 20231010071850.0
008 231010b |||||||| |||| 00| 0 eng d
020 _cRs. 210.00
040 _aSEACOMMC
082 _a512.5
_bSIIN
100 1 _aSingh, Surjeet
245 1 _aLinear Algebra
_cSurjeet Singh
260 _aNew Delhi
_bVikas
_c2005
650 _aMathematics
650 _aAlgebra
942 _cBOOK
999 _c64
_d64